| 000 | 00891 am a2200313Ki 4500 | ||
|---|---|---|---|
| 001 | 200427112 | ||
| 003 | TR-AnTOB | ||
| 005 | 20240729171836.0 | ||
| 007 | ta | ||
| 008 | 170808s20161959tu 000 0 tur d | ||
| 020 | _a9789754370256 | ||
| 040 |
_aIYTE _beng _erda _cIYTE _dTR-AnTOB |
||
| 041 | 0 | _atur | |
| 050 |
_aPL248.S24 _bB59 2016 |
||
| 090 |
_aPL248.S24 _bB59 2016 |
||
| 100 | 1 |
_aSafa, Peyami, _d1899-1961, _eauthor. _9116987 |
|
| 245 | 1 | 0 |
_aBiz insanlar / _cPeyami Safa. |
| 250 | _a26. basım | ||
| 264 | 1 |
_aİstanbul : _bÖtüken, _c2016. |
|
| 300 |
_a400 pages ; _c20 cm |
||
| 336 |
_atext _2rdacontent _btxt |
||
| 337 |
_aunmediated _2rdamedia _bn |
||
| 338 |
_avolume _2rdacarrier _bnc |
||
| 490 | 0 |
_aÖtüken ; _v47 _aEdebi eserler ; _v19 |
|
| 500 | _aPeyami Safa bütün romanları. | ||
| 650 | 0 |
_aTurkish fiction. _97165 |
|
| 942 |
_2lcc _cBK |
||
| 999 |
_c200427112 _d45036 |
||